00436 2200169 4500245005800000020001800058250001100076100002700087700003100114650001800145005001900163260002700182041001400209084001100223300002300234336000900257 aPengantar KewirausahaancRaja Bongsu HutogalunghText a979-458-371-5 aCet. 1 aRaja Bongsu Hutogalung aSyafrizal Helmi Situmorang aKewirausahaan a20231011141839 aMedanbUSU Pressc2008 aIndonesia a338.04 aiv, 119 hlm. PDF : atext